| 000 | 00590nam a2200217Ia 4500 | ||
|---|---|---|---|
| 999 |
_c47028 _d47028 |
||
| 001 | 13884 | ||
| 003 | GE_BSU | ||
| 005 | 20221124143525.0 | ||
| 008 | 181216s1996||||enk|||||||||||||| ||eng|| | ||
| 020 | _a0750217464x | ||
| 040 | _cGE_BSU | ||
| 041 | _aeng | ||
| 080 | _a272(410.1) Ch-56 | ||
| 100 |
_aChrisp, Peter. _916042 |
||
| 245 | 4 |
_aThe medievel church / _cPeter Chrisp. |
|
| 264 |
_aLondon: _bFirst published, _c1996. |
||
| 300 |
_a47p; _b25 cm. |
||
| 653 | _aThe medievel church. | ||
| 653 | _aშუა საუკუნეების ეკლესია | ||
| 942 |
_cBK _2udc |
||